000 00908nam a2200241 a 4500
001 000044963
005 20240412074304.0
008 150127s2007 dr r 000 0 spa d
040 _aDO-SdBNP
_bspa
_cBNPHU
082 _aRD861.44
_bM883e
100 1 _aMorrison, Mateo,
_d1947-
_91469
245 1 0 _aEspasmos en la noche /
_cMateo Morrison.
260 _aSanto Domingo :
_bUniversitaria,
_c2007.
300 _a92 p. ;
_c21 cm.
490 1 _aPublicaciones de la Universidad Autónoma de Santo Domingo
_v1383
490 1 _aLiteratura y sociedad
_v83
500 _aIncluye datos biográficos del autor en la solapa de la contracubierta
650 0 _aPoesía dominicana
_966
650 0 _aLiteratura dominicana.
_967
710 1 2 _aUniversidad Autónoma de Santo Domingo
_972951
830 0 _aPublicaciones de la Universidad Autónoma de Santo Domingo
_n1383
_972985
830 0 _aLiteratura y sociedad
_n83
_972986
999 _c44452
_d44452